Loading...

Our constitution for haves and have nots

Bibliografiske detaljer
Hovedforfatter: Seyid, Muhammed V A
Format: Printed Book
Sprog:English
Udgivet: Delhi Lipi prakashan 1975
Fag:
LEADER 00508nam a22001577a 4500
003 OSt
008 091126t xxu||||| |||| 00| 0 eng d
080 |a 342.4 (540)  |b SEY 
100 |a Seyid, Muhammed V A   |9 7910 
245 |a Our constitution for haves and have nots 
260 |a Delhi  |b Lipi prakashan  |c 1975 
300 |a 175p. 
653 |a Constitution-India 
942 |c BK  |6 _ 
999 |c 190594  |d 190594 
952 |0 0  |1 0  |4 0  |6 3424_540SEY  |7 0  |9 245808  |a SLS  |b SLS  |d 2009-11-26  |o 342.4 (540) SEY  |p SLS009234  |r 2009-11-26  |w 2009-11-26  |y BK